| 000 | 00644nam a2200217 a 4500 | ||
|---|---|---|---|
| 005 | 20210219152923.0 | ||
| 008 | 991125n 000 0 eng u | ||
| 035 | _aUPN01000067229 | ||
| 100 | _aScott, Sally S | ||
| 222 | _aJOURNAL OF LEARNING DISABILITIES | ||
| 245 | _aA change in legal status : an overlooked dimension in the transition to higher education | ||
| 300 | _a459-466 | ||
| 362 | _a1991 24, No. 8 | ||
| 505 | _aMayo 1992 | ||
| 653 | 0 | _aOPERACION DE PROGRAMAS | |
| 653 | 0 | _aPROBLEMAS DE APRENDIZAJE | |
| 653 | 0 | _aRESPONSABILIDAD ESCOLAR | |
| 653 | 0 | _aRESPONSABILIDAD LEGAL | |
| 904 |
_aAC _b005040 |
||
| 905 | _aArticulo | ||
| 999 |
_c63864 _d63864 |
||